00553nam a2200205Ia 4500001000700000003000500007008004100012010001100053040000900064082001600073100002500089245008200114260004300196300001100239440000500250500000500255503000500260650004200265650004000307Z_4443CHAP220113s1984 xx 000 0 und d a167513 cCHAP a636.082 H45 aHenderson, Charles R aApplications of linear models in animal breeding /cpor Charles R Henderson aGuelph :bUniversity of Guelph,c1984 a229 h. a a a aGanaderíaxMétodos estadísticos aGanaderíaxModelos matemáticos